BIBLIOTHÈQUE DE LA MAISON DU MEXIQUE

Logo 1 Logo 2

Historia de Lince (notice nᵒ 43)

détails MARC
000 -Sello discográfico
campo de control de longitud fija 01150nam a2200337 4500
005 - Identificación de versión
campo de control 20251113155141.0
010 ## - Número Estándar Internacional de Libros (ISBN)
Número (ISBN) 843-391-362-X
035 ## - Otros números de control del sistema
Número de control del sistema 18372
099 ## - fechas locales
Tipo de ítem Koha LIBRO
100 ## - Datos de procesamiento general
Datos de procesamiento general 19930801d1992 m y1spay5003 ba
101 1# - Idioma del recurso
Idioma del texto, banda sonora, etc. Español; Castellano
Idioma de la obra original Francés
105 ## - Campo de datos codificados: Material textual, monográfico
Datos codificados de monografía a 001zy
200 1# - Título y mención de responsabilidad
Título propio Historia de Lince
Designación general del material texto impreso
Primer mención de responsabilidad Claude Lévi-Strauss
Declaración de responsabilidad subsiguiente traducción Alberto Cardín y Manuel Delgado
210 ## - Publicación, distribución, etc.
Lugar de publicación, distribución, etc. Barcelona
Nombre del editor, distribuidor, etc. Editorial Anagrama
Fecha de publicación, distribución, etc. 1992
215 ## - Descripción física
Designación de material específico y extensión del ítem 345 p
Otras características físicas il.
Dimensiones 22 cm
300 ## - Notas generales
Texto de la nota Incluye bibliografía
345 ## - Nota de información de adquisición
Fuente de adquisición/dirección de la suscripción [OBSOLETO] Donación
410 #1 - Series
Título Colección Argumentos
Número de volumen 132
454 #1 - Traducción de
Título Histoire de Lynx
606 ## - Término temático usado como materia
Elemento de entrada Indios de América del Norte
Subdivisión temática Religión y mitología
Número Koha 156
606 ## - Término temático usado como materia
Elemento de entrada Indios de América
Subdivisión temática Estudios comparados
Número Koha 157
606 ## - Término temático usado como materia
Elemento de entrada Indios de Brasil
Subdivisión temática Religión y mitología
Número Koha 158
606 ## - Término temático usado como materia
Elemento de entrada Indios de Perú
Subdivisión temática Religión y mitología
Número Koha 159
700 ## - Nombre personal - Responsabilidad primaria
Elemento de entrada Lévi-Strauss
Parte del nombre distinta del elemento de entrada Claude
Fechas 1908-2009
Número Koha 160
702 ## - Nombre personal - Responsabilidad secundaria
Elemento de entrada Cardín
Parte del nombre distinta del elemento de entrada Alberto
Fechas 1948-1992
Número Koha 161
702 ## - Nombre personal - Responsabilidad secundaria
Elemento de entrada Delgado
Parte del nombre distinta del elemento de entrada Manuel
Número Koha 162
801 #0 - Fuente de origen
País FR
Agencia cm
Reglas de catalogación (convenciones descriptivas) AFNOR
942 ## - ELEMENTOS DE ENTRADA SECUNDARIOS (KOHA)
Tipo de ítem Koha Livre
Exemplaires
Estatus retirado Estado de daño Estado de pérdida Fecha de adquisición Biblioteca de origen Biblioteca actual Ubicación en estantería Código de barras Precio de reemplazo Signatura topográfica completa No para préstamo Tipo de ítem Koha Nota pública Nota no pública
      05/08/2025 Casa México Paris Casa México Paris   003408 05/08/2025 970.01 L664H   Livre 20191010LIV 751145101